000
00259nam a2200097Ia 4500
005
20251222114405.0
008
251222s1900||||xx |||||||||||||| ||spa||
082
_a
DVD191.1/U61/2005
245
0
_a
Miércoles empresariales: planeamiento estratégico.
942
_c
DVD
999
_c
1804
_d
1804